|
|
|
|
| LEADER |
01368nam a2200373 a 4500 |
| 001 |
000422962 |
| 003 |
CZ BrMZK |
| 005 |
20210104143422.0 |
| 007 |
ta |
| 008 |
990315s1999 xr e p 0 cze d |
| 015 |
|
|
|a cnb000653489
|
| 020 |
|
|
|a 80-7179-237-3
|
| 035 |
|
|
|a (OCoLC)42604488
|
| 040 |
|
|
|a BOA001
|b cze
|
| 072 |
|
7 |
|a 330.5+338
|x Národní hospodářství a hospodářská politika
|2 Konspekt
|9 4
|
| 072 |
|
7 |
|a 37.016
|x Učební osnovy. Vyučovací předměty. Učebnice
|2 Konspekt
|9 22
|
| 080 |
|
|
|a 338.2
|2 MRF
|
| 080 |
|
|
|a (075)
|2 MRF
|
| 100 |
1 |
|
|a Slaný, Antonín,
|d 1955-
|7 jn99240001089
|4 aut
|
| 245 |
1 |
0 |
|a Hospodářská politika /
|c Antonín Slaný, Milan Žák
|
| 250 |
|
|
|a Vyd. 1.
|
| 260 |
|
|
|a Praha :
|b C.H. Beck,
|c 1999
|
| 300 |
|
|
|a xii, 271 s. :
|b il. ;
|c 24 cm
|
| 490 |
1 |
|
|a Beckovy ekonomické učebnice
|
| 500 |
|
|
|a Bibliogr.
|
| 650 |
0 |
7 |
|a hospodářská politika
|7 ph114701
|2 czenas
|
| 655 |
|
7 |
|a učebnice
|7 fd133770
|2 czenas
|
| 700 |
1 |
|
|a Žák, Milan,
|d 1944-
|7 jn99240001684
|4 aut
|
| 830 |
|
0 |
|a Beckovy ekonomické učebnice
|0 s
|
| 856 |
4 |
1 |
|u http://www.digitalniknihovna.cz/mzk/uuid/uuid:2b8fa960-fdda-11e3-89c6-005056827e51
|y Digitalizovaný dokument
|x NDK
|
| 910 |
|
|
|a BOA001
|b 2-1060.153
|
| 990 |
|
|
|a BK
|
| 991 |
|
|
|f 338.2 SLA
|
| 996 |
6 |
|
|b 2610094023
|c 2-1060.153
|l MZK
|r Sklad / do 1 hodiny
|n 42
|p p.v.
|w 000422962
|u 000010
|a 1
|e BOA001
|j MZK50
|s P
|